Technická diagnostika elektrotechnických materiálov a elektrických zariadení zborník prednášok

Bibliographic Details
Other Authors: Poliak, Ján, 1950- (Compiler), Šusteková, Daniela (Compiler)
Format: Book
Language:Slovak
PhysicalDescription:46 s. sch., tab. 30 cm
Published: V Žiline Žilinská univerzita 2001
ISBN:8071008354
Subjects:

MARC

LEADER 00000nam a2200000 a 4500
001 vtls001424964
003 SK-MaSNL
005 20260301120725.0
008 171030s2001 xo ap r yy 0 slo
015 |a SNBA2002/03-01096 
020 |a 8071008354 
035 |a SNK000379847 
035 |a urn:nbn:sk:snk-amlro9 
035 |a urn:nbn:sk:snk-am00c8y5 
035 |a C5AB94DB-ED5F-4830-82F3-614D3DEB6C18 
040 |a SNK  |b slo  |c SNK  |e AACR2 
041 0 |a slo 
044 |a xo  |c SK 
080 |a 621.3(082)=854=850  |2 1981 
245 0 0 |a Technická diagnostika elektrotechnických materiálov a elektrických zariadení  |b zborník prednášok  |c zostavili: Ján Poliak, Daniela Šusteková 
260 |a V Žiline  |b Žilinská univerzita  |c 2001 
300 |a 46 s.  |b sch., tab.  |c 30 cm 
500 |a Čiast. text čes. 
500 |a Vyd. pre Asociáciu technických diagnostikov SR 
504 |a Bibliogr. odkazy 
650 0 7 |a zariadenia elektrotechnické  |x materiály technické  |x diagnostika  |x zborníky  |2 SNK  |9 463734 
655 7 |a zbierky  |2 SNK  |9 70533 
700 1 |a Poliak, Ján,  |d 1950-  |4 com  |9 174465 
700 1 |a Šusteková, Daniela  |4 com  |9 39581 
710 0 |a Asociácia technických diagnostikov Slovenskej republiky  |4 pbl  |9 33878 
752 |d Žilina 
919 |a 80-7100-835-4 
958 |a TL 
958 |a NB 
958 |a ZB 
958 |a BQ 
999 |c 726862  |d 728792 
952 |t P60, <03>, [BOOK], {603}  |a SNK  |b SNK  |y PREZ  |7 0  |p 17A0324373  |o snkSB 64183  |i snkKSP 13390/2001  |0 0  |1 0  |4 0  |d 2001-11-27  |f 1  |l 0  |r 2025-04-17 00:00:00  |w 2026-02-23 
952 |t P60, <04>, [BOOK], {604}  |a SNK  |b SNK  |y VYP  |7 0  |p 17A0324374  |o snkSB 64183 D1  |i snkKSP 13391/2001  |0 0  |1 0  |4 0  |d 2001-11-27  |l 0  |r 2005-01-02 00:00:00  |w 2026-02-23